Online
Catalog

Métodos de diseño / (Record no. 37817)

MARC details
000 -CABECERA
campo de control de longitud fija 00460nam a2200157 a 4500
001 - NÚMERO DE CONTROL
campo de control 000038327
005 - FECHA Y HORA DE LA ÚLTIMA TRANSACCIÓN
campo de control 20201002031229.0
008 - DATOS DE LONGITUD FIJA--INFORMACIÓN GENERAL
campo de control de longitud fija 130409s1978 sp 000 0 spa d
020 ## - NÚMERO INTERNACIONAL ESTÁNDAR DEL LIBRO
Número Internacional Estándar del Libro 8425206251
040 ## - FUENTE DE LA CATALOGACIÓN
Centro catalogador/agencia de origen DO-SdBNP
Lengua de catalogación spa
Centro/agencia transcriptor BNPHU
100 1# - ENTRADA PRINCIPAL--NOMBRE DE PERSONA
Nombre de persona Jones, J. Christopher
9 (RLIN) 64692
245 10 - MENCIÓN DE TÍTULO
Título Métodos de diseño /
Mención de responsabilidad, etc. J. Christopher Jones.
260 ## - PUBLICACIÓN, DISTRIBUCIÓN, ETC.
Lugar de publicación, distribución, etc. Barcelona :
Nombre del editor, distribuidor, etc. Gustavo Gili,
Fecha de publicación, distribución, etc. 1978.
300 ## - DESCRIPCIÓN FÍSICA
Extensión 372 :
Otras características físicas ils. ;
Dimensiones 25 cm.
500 ## - NOTA GENERAL
Nota general Bibliografía : p. 363-370
Holdings
Estado de retiro Estado de pérdida Restricciones de uso No para préstamo Código de colección Localización permanente Ubicación/localización actual Ubicación en estantería Fecha de adquisición Número de inventario Total de préstamos Signatura topográfica completa Código de barras Fecha visto por última vez Precio válido a partir de Tipo de ítem Koha
        Monografías: Libros y Folletos General General En catalogación 09.04.2013 LF1   38327-10 25.06.2020 25.06.2020 Préstamo en sala

Powered by Koha